000 01731nas1a22002771i 4500
001 RU\NLR\INFOCOMM10\1000194072
005 20240725204028.0
035 _a(NLR Aleph) 002443320
090 _a2095506
_c2095506
100 _a20040311c1799 |||y0rusy50 ca
101 1 _arus
102 _aRU
110 _aayu||||0|y0
200 1 _aЖурнал о земледелии для Всероссийской империи
_eСочинил на франц. яз. граф Лудовик де Клермонт Тоннер, а с онаго на рос. яз. перевел Михайло Барадавкин
_fЛудовик де Клермонт Тоннер
_gМихайло Барадавкин
210 _aСПб.
_cтип. Имп. Шляхетн. сухопутн. кад. корпуса
_d1799
700 1 _aКлермонт Тоннер, де
_bЛ.
_gЛудовик
_4070
702 1 _aБарадавкин
_bМ.
_gМихайло
_4730
801 1 _aRU
_bInfoComm
_c20040311
801 0 _aRU
_bNLR
_gPSBO
852 _aNLR
_j7/74
852 _aNLR
_jМ/ф
942 _cJOURNAL
980 _aRUSPER